000 00723nam a2200169 4500
001 148754
003 ES-MaACL
005 20230906202805.0
007 t|
008 070214s1999 sp r ||||1| spa d
100 1 _aSuárez, Constantino.
_9108549
245 1 0 _aVocabulario cubano
_b: suplemento a la 14ª edición del Diccionario de la R. A. de la Lengua : comprende 6828 voces o acepciones, 321 frases, 52 refranes /
_cpor Constantino Suárez (Españolito) [seud.].
260 _aLa Habana ;
_aMadrid :
_bLibrería Cervantes de Ricardo Veloso :
_bLibrería de Perlado, Pèz y Cía,
_c1921 (
_eBarcelona :
_fImp. Clarasó)
300 _aXXX, 576 p. ;
_c20 cm.
852 _aES-MaACL
_jB-4031
852 _aES-MaACL
_jA-5121
999 _c148754
_d148754